000 005750000a22001930004500
001 9571
010 _a972-97865-9-3
100 _a20020408d1999 k y0pory5003 ba
101 0 _apor
102 _aMO
200 1 _aGuia de história de Macau
_e1500 - 1900
_fRui Manuel Loureiro
210 _aMacau
_cCTMCDP
_d1999
215 _a294 p.
675 _a94(512.318)(036)
_vBN
_zpor
675 _a930.255
_vBN
_zpor
700 1 _928560
_aLoureiro
_bRui Manuel
090 _a9571
942 _cMON
_n0
999 _a9571